[Event "British Chess Championships 2023: U8 Championship"]
[Site "The Venue, De Montfort University, 20 Western Boulevard, Leicester, LE2 7BU"]
[Date "2023.07.25"]
[Round "1"]
[Board "1"]
[White "Pradhan, Ayan"]
[Black "Gomez, Magnus"]
[Result "1-0"]
[WhiteElo "1692"]
[BlackElo "990"]
[PlyCount "0"]
[EventDate "2023.07.25"]
[EventRounds "7"]
[EventCountry "ENG"]

1. e4 c6 2. Nc3 d5 3. Nf3 dxe4 4. Nxe4 Bf5 5. Ng3 Bg6 6. h4 h5 7. d4 Nf6 8. Bc4 e6
9. Bg5 Bd6 10. Ne2 Nbd7 11. c3 Qb6 12. Bb3 O-O-O 13. a4 Qc7 14. Bc2 Bxc2 15. Qxc2
g6 16. b4 Kb8 17. Rb1 Rc8 18. c4 a6 19. c5 Be7 20. Bf4 e5 21. Nxe5 Ka8 22. Nxf7 Qd8
23. Nxd8 Rcxd8 24. b5 Rb8 25. Bxb8 Rxb8 26. bxc6 bxc6 27. Rxb8+ Kxb8 28. Nf4 Nf8
29. Nxg6 Nxg6 30. Qxg6 Kc7 31. Rh3 Nd5 32. Qxh5 Nf4 33. Qe5+ Kd7 34. Qxf4 Bd8 35.
Qd6+ Ke8 36. Re3+ Kf7 37. Qxd8 Kg6 38. Qg5+ Kf7 39. Re7+ Kf8 40. Qg7#  1-0

[Event "British Chess Championships 2023: U8 Championship"]
[Site "The Venue, De Montfort University, 20 Western Boulevard, Leicester, LE2 7BU"]
[Date "2023.07.25"]
[Round "1"]
[Board "3"]
[White "Gedge, Joshua"]
[Black "Gunarathne, Miheli"]
[Result "1/2-1/2"]
[WhiteElo "1309"]
[BlackElo "982"]
[PlyCount "0"]
[EventDate "2023.07.25"]
[EventRounds "7"]
[EventCountry "ENG"]

1. e4 d5 2. exd5 Nf6 3. Nf3 Nxd5 4. Be2 Nc6 5. O-O e5 6. Re1 e4 7. Bb5 Be7 8. Ne5
Bd7 9. Nxc6 Bxc6 10. Bxc6+ bxc6 11. Rxe4 Nf6 12. Re1 O-O 13. d4 Qd7 14. Bg5 Rad8
15. c3 c5 16. Qe2 Rfe8 17. Be3 Ng4 18. Qd2 Nxe3 19. fxe3 Bg5 20. Qd3 cxd4 21. cxd4
c5 22. Nc3 Qe7 23. e4 Rxd4 24. Qf3 Bd2 25. Re2 Bxc3 26. bxc3 Rxe4 27. Rxe4 Qxe4 28.
Qxe4 Rxe4 29. Rd1 Kf8 30. Kf2 Ke7 31. Kf3 Ra4 32. Rd5 Rc4 33. Rd3  1/2-1/2

[Event "British Chess Championships 2023: U8 Championship"]
[Site "The Venue, De Montfort University, 20 Western Boulevard, Leicester, LE2 7BU"]
[Date "2023.07.25"]
[Round "1"]
[Board "4"]
[White "Saxena, Advik"]
[Black "Konara, Nuvee"]
[Result "1-0"]
[WhiteElo "972"]
[BlackElo "1272"]
[PlyCount "0"]
[EventDate "2023.07.25"]
[EventRounds "7"]
[EventCountry "ENG"]

1. e4 e5 2. Nf3 Nc6 3. Bc4 Bc5 4. c3 Nf6 5. d4 exd4 6. cxd4 Bb4+ 7. Nc3 Nxe4 8. O-O
Nxc3 9. bxc3 Be7 10. Re1 O-O 11. Bf4 d5 12. Bd3 Bg4 13. h3 Bh5 14. g4 Bg6 15. Bxg6
fxg6 16. Qb3 Rxf4 17. Qxb7 Rxf3 18. Qxc6 Bh4 19. Re2 Rxh3 20. Rae1 Qd6 21. Qxa8+
Kf7 22. Qe8+ Kf6 23. Re6+ Qxe6 24. Rxe6+ Kg5 25. Re5+ Kxg4 26. Qd7+  1-0

[Event "British Chess Championships 2023: U8 Championship"]
[Site "The Venue, De Montfort University, 20 Western Boulevard, Leicester, LE2 7BU"]
[Date "2023.07.25"]
[Round "1"]
[Board "5"]
[White "Kilambi, Aahna"]
[Black "Dairi, Daniella"]
[Result "1-0"]
[WhiteElo "1176"]
[BlackElo "964"]
[PlyCount "0"]
[EventDate "2023.07.25"]
[EventRounds "7"]
[EventCountry "ENG"]

1. c4 e5 2. Nc3 Nc6 3. g3 d6 4. Bg2 Bd7 5. e3 Qc8 6. Nge2 Nf6 7. O-O Na5 8. b3 Bh3
9. Re1 Qg4 10. Bh1 Qh5 11. Bg2 Bxg2 12. Kxg2 Ng4 13. h3 Nh6 14. Ng1 Qxd1 15. Rxd1
O-O-O 16. b4 Nxc4 17. d3 Nb6 18. a4 Be7 19. a5 Nd7 20. Nd5 Bf6 21. Bb2 Rhe8 22. e4
c6 23. Rdc1 Bg5 24. Rc2 Kb8 25. Ne3 Bxe3 26. fxe3 g5 27. a6 b6 28. Rxc6 Rc8 29. Rxd6
Re7 30. Rxh6 Rc2+ 31. Kh1 Rxb2 32. Rxh7 Rxb4 33. Rc1 Nc5 34. Nf3 Nxd3 35. Rh8+ Re8
36. Rxe8#  1-0

[Event "British Chess Championships 2023: U8 Championship"]
[Site "The Venue, De Montfort University, 20 Western Boulevard, Leicester, LE2 7BU"]
[Date "2023.07.25"]
[Round "1"]
[Board "7"]
[White "Kapitanski, Furion"]
[Black "Cawdery, Mary"]
[Result "1-0"]
[WhiteElo "1107"]
[BlackElo "891"]
[PlyCount "0"]
[EventDate "2023.07.25"]
[EventRounds "7"]
[EventCountry "ENG"]

1. e4 e5 2. Nf3 Nc6 3. Bc4 Nf6 4. Ng5 d5 5. exd5 Na5 6. Bb3 Nxb3 7. axb3 h6 8. Nf3
e4 9. Qe2 Qxd5 10. Nc3 Qd8 11. Nxe4 Nxe4 12. Qxe4+ Be7 13. O-O O-O 14. d4 c6 15.
Re1 Re8 16. Bd2 Be6 17. c4 Qd7 18. Ne5 Qc7 19. Ng6 Bf6 20. Nf4 Bd7 21. Qf3 Rad8 22.
Qg3 Bxd4 23. Bc3 Bxc3 24. bxc3 Bf5 25. Nh5 Qxg3 26. Nxg3 Bg6 27. h3 a6 28. Rxe8+
Rxe8 29. b4 Bd3 30. c5 Kh7 31. Rd1 Bb5 32. Rd7 Re1+ 33. Kh2 Kg6 34. Rxb7 h5 35. h4
f6 36. Rb6 Rc1 37. Ne4 f5 38. Nd6 Rxc3 39. Nxb5 axb5 40. Rxc6+ Kf7 41. Rb6 Rc4 42.
Rxb5 Rxh4+ 43. Kg3 Rc4 44. Rb7+ Ke6 45. Rb6+ Kf7 46. c6 h4+ 47. Kh3 Ke7 48. Rb7+
Kd6 49. b5 g5 50. f3 Rc1 51. Kh2 g4 52. fxg4 fxg4 53. Rd7+ Kc5 54. Rb7 Kd6 55. Rb8
g3+ 56. Kh3 Rh1+ 57. Kg4 h3 58. Kxg3 h2 59. Rh8 Kc7 60. Rxh2 Rxh2 61. Kxh2 Kb6 62.
g4  1-0

[Event "British Chess Championships 2023: U8 Championship"]
[Site "The Venue, De Montfort University, 20 Western Boulevard, Leicester, LE2 7BU"]
[Date "2023.07.25"]
[Round "1"]
[Board "8"]
[White "Makarabbi, Anvay"]
[Black "Zheng, Lucas"]
[Result "1-0"]
[WhiteElo "874"]
[BlackElo "1085"]
[PlyCount "0"]
[EventDate "2023.07.25"]
[EventRounds "7"]
[EventCountry "ENG"]

1. d4 d5 2. c4 e6 3. Nc3 Nf6 4. cxd5 exd5 5. Bf4 Be6 6. e3 c5 7. dxc5 Bxc5 8. Nf3
Nc6 9. Bd3 O-O 10. O-O Bg4 11. Qc2 Bxf3 12. gxf3 d4 13. exd4 Nxd4 14. Qd1 Nd5 15.
Nxd5 Qxd5 16. Be4 Qh5 17. Rc1 Ne6 18. Bg3 Nd4 19. b4 Bb6 20. a4 a5 21. Bxb7 Ra7 22.
bxa5 Qxa5 23. Bc6 Qa6 24. Re1 Ba5 25. Bb5 Nxb5 26. axb5 Qxb5 27. Re5 Qb7 28. Ra1
Bb6 29. Rb1 Qc6 30. Qb3 Rb7 31. Rb5 Qxb5 32. Qxb5 Bxf2+ 33. Bxf2 Rxb5 34. Rxb5 g6
35. Kg2 h5 36. Bc5 Rd8 37. Be7 Rd2+ 38. Kg3 Kh7 39. Rb7 Kh6 40. h4 Rd4 41. Bf6 Ra4
42. Rxf7 Ra8 43. Bg5#  1-0

[Event "British Chess Championships 2023: U8 Championship"]
[Site "The Venue, De Montfort University, 20 Western Boulevard, Leicester, LE2 7BU"]
[Date "2023.07.25"]
[Round "1"]
[Board "9"]
[White "Kamara, Alim"]
[Black "Li, Emmanuelle"]
[Result "0-1"]
[WhiteElo "1057"]
[BlackElo "854"]
[PlyCount "0"]
[EventDate "2023.07.25"]
[EventRounds "7"]
[EventCountry "ENG"]

1. e4 e5 2. Nf3 Nc6 3. d3 Nf6 4. Nc3 Bb4 5. a3 Ba5 6. b4 Bb6 7. b5 Ne7 8. Nd5 Nexd5
9. exd5 Nxd5 10. Bg5 Nf6 11. Nxe5 Ba5+ 12. Bd2 Bb6 13. a4 Bd4 14. c3 Bxe5 15. Qe2
d6 16. d4 Qe7 17. dxe5 dxe5 18. g4 Bxg4 19. Qd3 O-O 20. f3 Rad8 21. Qe2 Bh5 22. Bg5
e4 23. Bg2 Qe5 24. Bf4 Qxc3+ 25. Qd2 Rxd2 26. Bxd2 Qxa1+ 27. Ke2 exf3+ 28. Bxf3 Bxf3+
29. Kxf3 Qxh1+ 30. Kg3 Ne4+ 31. Kh3 Nxd2 32. a5 Qf1+ 33. Kg3 Re8 34. h3 Re3+ 35.
Kg4 Qf3+ 36. Kg5 f6+ 37. Kh4 Re4#  0-1

[Event "British Chess Championships 2023: U8 Championship"]
[Site "The Venue, De Montfort University, 20 Western Boulevard, Leicester, LE2 7BU"]
[Date "2023.07.25"]
[Round "1"]
[Board "10"]
[White "Lath, Shlok"]
[Black "Smirnov, Artem"]
[Result "0-1"]
[WhiteElo "842"]
[BlackElo "1054"]
[PlyCount "0"]
[EventDate "2023.07.25"]
[EventRounds "7"]
[EventCountry "ENG"]

1. e4 c5 2. Nc3 d6 3. Bc4 Nf6 4. Nf3 Bg4 5. O-O e6 6. d3 Be7 7. Be3 O-O 8. Qd2 a6
9. Ng5 Qd7 10. h3 Bh5 11. Ne2 h6 12. Nf3 Bxf3 13. gxf3 Nc6 14. Ng3 Ne5 15. Qd1 Nxc4
16. dxc4 Rab8 17. a4 b5 18. cxb5 axb5 19. a5 Ra8 20. c3 Qc7 21. b4 cxb4 22. cxb4
d5 23. Bb6 Qb7 24. Bc5 Bxc5 25. bxc5 Qc7 26. Qc2 Rxa5 27. Rxa5 Qxa5 28. c6 Rc8 29.
Rc1 h5 30. e5 h4 31. Ne2 Nd7 32. Qd1 Nxe5 33. Nd4 Qb6 34. Qc2 Qxd4 35. Qe2 Rxc6 36.
Rb1 Qd3 37. Qxd3 Nxd3 38. Rxb5 Rc1+ 39. Kh2 Rc5 40. Rb8+ Kh7 41. Rb7 Kg6 42. Kg2
Nf4+ 43. Kh2 Rc2 44. Kg1 Nxh3+ 45. Kg2 Nxf2 46. Kf1 h3 47. Kg1 Rc1+ 48. Kxf2 h2 49.
Ke3 h1=Q 50. Kd4 Qh4+ 51. Ke5 Rc4 52. Kd6 Qf4+ 53. Kd7 Rb4 54. Rc7 Qf5 55. Kd6 Rb6+
56. Kd7 e5+ 57. Ke7 Qe6+ 58. Kd8 Rb8+ 59. Rc8 Rxc8#  0-1

[Event "British Chess Championships 2023: U8 Championship"]
[Site "The Venue, De Montfort University, 20 Western Boulevard, Leicester, LE2 7BU"]
[Date "2023.07.25"]
[Round "1"]
[Board "11"]
[White "Sobolevski, Damien"]
[Black "Feng, Hao-Hsuan"]
[Result "1-0"]
[WhiteElo "1013"]
[BlackElo "824"]
[PlyCount "0"]
[EventDate "2023.07.25"]
[EventRounds "7"]
[EventCountry "ENG"]

1. d4 Nf6 2. Bf4 e6 3. e3 c5 4. c3 d5 5. Nf3 c4 6. Nbd2 a6 7. Ne5 Nc6 8. Ndf3 Bd6
9. Be2 Qc7 10. Qa4 b5 11. Qc2 g6 12. Nxc6 Qxc6 13. Bh6 Bd7 14. Bg7 Rg8 15. Bxf6 e5
16. Bxe5 O-O-O 17. Bxd6 Bf5 18. Qd2 Rxd6 19. Ne5 Qc7 20. a4 bxa4 21. Rxa4 f6 22.
Nf3 Qd7 23. Ra3 Rb6 24. O-O Qb7 25. Ra2 Kc7 26. Nh4 Be6 27. Rb1 Rb8 28. h3 g5 29.
Nf3 Bf5 30. Rba1 Rxb2 31. Rxb2 Qxb2 32. Rxa6 Qxd2 33. Nxd2 Rb2 34. Rxf6 Bg6 35. Nf3
Rxe2 36. Nxg5 Rc2 37. f4 Rxc3 38. f5 Rc1+ 39. Kf2 Ra1 40. fxg6 hxg6 41. Ne6+ Kd6
42. Nf4+ Ke7 43. Rxg6 Kd7 44. Ne2 Ra2 45. Kf3 Ke7 46. h4 Kf7 47. h5 Rd2 48. Rg3 Rd3
49. h6 c3 50. Nxc3 Rxc3 51. h7 Rc8 52. e4 dxe4+ 53. Kxe4 Rh8 54. Re3 Rxh7 55. Kd5
Rg7 56. Kc6 Rxg2 57. d5 Rd2 58. d6 Rc2+ 59. Kd7 Rd2 60. Rf3 Kg6 61. Ke7 Re2+ 62.
Kd8 Rd2 63. d7 Kg7 64. Re3 Kf7 65. Re7+ Kf8 66. Re6 Kf7 67. Re7+ Kf8 68. Rh7 Kg8
69. Rh5 Kf7 70. Re5 Rc2 71. Re4 Rc3 72. Re5 Kf6 73. Ke8 Rd3 74. Re7 Kf5 75. d8=Q
Rxd8+ 76. Kxd8 Kf6 77. Kd7 Kf5 78. Re6 Kf4 79. Kd6 Kf5 80. Kd5 Kf4 81. Re5 Kf3 82.
Kd4 Kf4 83. Re8 Kf5 84. Re1 Kf6 85. Kd5 Kf5 86. Rf1 Kg4 87. Ke4 Kg5 88. Rf2 Kg6 89.
Ke5 Kg7 90. Ke6 Kg8 91. Ke7 Kg7 92. Rg2 Kh6 93. Kf7 Kh5 94. Kf6 Kh4 95. Kf5 Kh3 96.
Rg8 Kh2 97. Kf4 Kh1 98. Rg7 Kh2 99. Kf3 Kh1 100. Rg6 Kh2 101. Kf2  1-0

[Event "British Chess Championships 2023: U8 Championship"]
[Site "The Venue, De Montfort University, 20 Western Boulevard, Leicester, LE2 7BU"]
[Date "2023.07.25"]
[Round "1"]
[Board "12"]
[White "Qin, Oscar"]
[Black "Prabhakaran, Anvikkashri"]
[Result "0-1"]
[WhiteElo "791"]
[BlackElo "1011"]
[PlyCount "0"]
[EventDate "2023.07.25"]
[EventRounds "7"]
[EventCountry "ENG"]

1. e4 e5 2. Nf3 Nc6 3. Bc4 Bc5 4. d3 Nf6 5. Be3 Bb6 6. O-O O-O 7. d4 exd4 8. Nxd4
Nxd4 9. Bxd4 Nxe4 10. Bxb6 axb6 11. Re1 Nf6 12. Nc3 c6 13. Bd3 d5 14. Ne4 dxe4 15.
Bxe4 Qxd1 16. Raxd1 Nxe4 17. Rxe4 Bf5 18. Re2 Rad8 19. Rxd8 Rxd8 20. h3 h6 21. c4
Bd3 22. Rd2 Kf8 23. Kh2 Ke8 24. Kg3 Bxc4 25. Rxd8+ Kxd8 26. a3 b5 27. Kh4 c5 28.
Kh5 b4 29. axb4 cxb4 30. g4 Ke7 31. g5 hxg5 32. Kxg5 Ke6 33. h4 b5 34. h5 b3 35.
h6 gxh6+ 36. Kxh6 Kf5 37. Kh5 Kf4 38. Kh4 Kf3 39. Kg5 Kxf2 40. Kf4 Ke2 41. Ke4 Kd2
42. Kd4 Kc2 43. Kc5 Kxb2 44. Kb4 Ka2 45. Kc3 b2 46. Kc2 b1=Q 47. Kc3 Qd3+ 48. Kb4
Qa3#  0-1

[Event "British Chess Championships 2023: U8 Championship"]
[Site "The Venue, De Montfort University, 20 Western Boulevard, Leicester, LE2 7BU"]
[Date "2023.07.25"]
[Round "1"]
[Board "13"]
[White "Ewart, Thomas"]
[Black "Mun, Jasper"]
[Result "1-0"]
[WhiteElo "1002"]
[BlackElo "736"]
[PlyCount "0"]
[EventDate "2023.07.25"]
[EventRounds "7"]
[EventCountry "ENG"]

1. d4 d5 2. c4 dxc4 3. Nc3 Nc6 4. e3 Bf5 5. Bxc4 e6 6. Nge2 Nb4 7. Qa4+ Qd7 8. Qxd7+
Kxd7 9. Bb3 Nf6 10. O-O Kd8 11. Ng3 Bg6 12. a3 Nc2 13. Bxc2 Bxc2 14. Bd2 Bd3 15.
Rfd1 Bc2 16. Rdc1 Bb3 17. Nb5 Nd5 18. e4 Ba4 19. exd5 Bxb5 20. dxe6 fxe6 21. Re1
Kd7 22. a4 Bc6 23. Ne4 Bxe4 24. Rxe4 Re8 25. Rc1 c6 26. Rce1 b6 27. f4 Bd6 28. b4
a6 29. Rb1 b5 30. axb5 axb5 31. Ra1 Bb8 32. Rf1 Rhf8 33. g3 g6 34. Re3 Rf6 35. Bc3
Ba7 36. Ra1 Bb6 37. Ra6 Kc7 38. Rd3 Rd8 39. Kg2 Kb7 40. Ra1 Rff8 41. Re3 Rfe8 42.
Rd3 Ra8 43. Rxa8 Kxa8 44. Bd2 Rd8 45. Bc3 c5 46. bxc5 Bxc5 47. Kf3 Kb7 48. Ke4 Bb6
49. Ke5 Re8 50. g4 h5 51. g5 Ka6 52. Kf6 h4 53. Kxg6 Ba5 54. Bxa5 Kxa5 55. Kf7 Rb8
56. Kxe6 b4 57. g6 b3 58. Kf7 b2 59. Rd1 Ka4 60. g7 Kb3 61. g8=Q Rxg8 62. Kxg8 Kc2
63. Rf1 Kc3 64. f5 Kxd4 65. f6 Kd3 66. f7 Kc2 67. f8=Q b1=Q 68. Rxb1 Kxb1 69. Qc5
Kb2 70. Qc4 h3 71. Kf7 Ka1 72. Qb4 Ka2 73. Ke6 Ka1 74. Kd5 Ka2 75. Kc4 Ka1 76. Kc3
Ka2 77. Qb2#  1-0

[Event "British Chess Championships 2023: U8 Championship"]
[Site "The Venue, De Montfort University, 20 Western Boulevard, Leicester, LE2 7BU"]
[Date "2023.07.25"]
[Round "1"]
[Board "14"]
[White "Tang, Sara"]
[Black "Sandhu, Ronak"]
[Result "0-1"]
[WhiteElo "734"]
[BlackElo "994"]
[PlyCount "0"]
[EventDate "2023.07.25"]
[EventRounds "7"]
[EventCountry "ENG"]

1. e4 d6 2. Nf3 Nf6 3. Nc3 g6 4. Bb5+ c6 5. Bc4 Bg7 6. O-O O-O 7. e5 dxe5 8. Nxe5
Bf5 9. Re1 e6 10. d3 Nbd7 11. Bg5 Nxe5 12. Bxf6 Qxf6 13. Bb3 a5 14. a4 Bg4 15. f3
Bf5 16. Re3 Rad8 17. Qe2 Rd4 18. Re1 Nxd3 19. Rd1 Nf4 20. Rxd4 Nxe2+ 21. Kf1 Nxd4
22. g4 Nxc2 23. Bxc2 Bxc2 24. Ne4 Bxe4 25. Rxe4 Qxb2 26. f4 Qb1+ 27. Kf2 Qxe4 28.
Kg3 Qe3+ 29. Kh4 Qxf4 30. h3 g5+ 31. Kh5 Bc3 32. h4 gxh4 33. Kxh4 Bf6+ 34. Kh3 Qf3+
35. Kh2 Be5+ 36. Kg1 Bd4+ 37. Kh2 Qxg4 38. Kh1 Qg1#  0-1

[Event "British Chess Championships 2023: U8 Championship"]
[Site "The Venue, De Montfort University, 20 Western Boulevard, Leicester, LE2 7BU"]
[Date "2023.07.26"]
[Round "2"]
[Board "1"]
[White "Prabhakaran, Anvikkashri"]
[Black "Pradhan, Ayan"]
[Result "0-1"]
[WhiteElo "1011"]
[BlackElo "1692"]
[PlyCount "0"]
[EventDate "2023.07.25"]
[EventRounds "7"]
[EventCountry "ENG"]

1. e4 e6 2. d4 d5 3. exd5 exd5 4. Nf3 Bd6 5. Nc3 Ne7 6. Bd3 Bg4 7. h3 Bh5 8. Be3
Nbc6 9. Qd2 Qd7 10. a3 Bxf3 11. gxf3 a6 12. Rg1 Qxh3 13. O-O-O O-O-O 14. Qe2 Qd7
15. Rxg7 Qe6 16. Rg5 f6 17. Rh5 Qf7 18. Rdh1 f5 19. Kb1 Kb8 20. Qd2 f4 21. Rxh7 fxe3
22. Rxf7 exd2 23. Rd1 Rhf8 24. Rh7 Nxd4 25. Rxd2 Bf4 26. Rd1 Nec6 27. Rh3 Ne5 28.
Bxa6 Nexf3 29. Bd3 Nd2+ 30. Ka2 N2f3 31. Rh7 Ne5 32. Rh4 Nxd3 33. Rxd3 c5 34. b4
b6 35. Na4 Nxc2 36. Nxb6 cxb4 37. Nxd5 Bd6 38. Nxb4 Nxb4+ 39. axb4 Rxf2+ 40. Kb3
Rf1 41. Rh6 Kc7 42. b5 Rb1+ 43. Ka4 Ra8#  0-1

[Event "British Chess Championships 2023: U8 Championship"]
[Site "The Venue, De Montfort University, 20 Western Boulevard, Leicester, LE2 7BU"]
[Date "2023.07.26"]
[Round "2"]
[Board "2"]
[White "Mulukutla, Ayaansh"]
[Black "Ewart, Thomas"]
[Result "1-0"]
[WhiteElo "1522"]
[BlackElo "1002"]
[PlyCount "0"]
[EventDate "2023.07.25"]
[EventRounds "7"]
[EventCountry "ENG"]

1. e4 e5 2. Nf3 Nc6 3. Nc3 Bb4 4. Bb5 d6 5. O-O Nge7 6. d3 O-O 7. a3 Ba5 8. b4 Bb6
9. Ne2 f5 10. Bc4+ Kh8 11. Bg5 Bd7 12. Nc3 Qe8 13. b5 Nd8 14. Nd5 Nxd5 15. Bxd5 Rb8
16. a4 c6 17. bxc6 Nxc6 18. c4 Nd4 19. a5 Nxf3+ 20. Qxf3 Bd4 21. Rab1 Bc6 22. exf5
Bxd5 23. cxd5 Qf7 24. g4 Bc3 25. Rb5 h6 26. Be3 a6 27. Rb6 Bxa5 28. Rxd6 Rbd8 29.
Re6 Bc7 30. Rb1 b5 31. Bd2 Qd7 32. Rc6 Rf7 33. Rbc1 Qc8 34. d6 Qa8 35. dxc7 Rxc7
36. Qe4 Re7 37. Ba5 Rd4 38. Qxd4 exd4 39. Rc8+ Qxc8 40. Rxc8+ Kh7 41. Rd8 Re1+ 42.
Bxe1 a5 43. Rxd4  1-0

[Event "British Chess Championships 2023: U8 Championship"]
[Site "The Venue, De Montfort University, 20 Western Boulevard, Leicester, LE2 7BU"]
[Date "2023.07.26"]
[Round "2"]
[Board "3"]
[White "Sandhu, Ronak"]
[Black "Kilambi, Aahna"]
[Result "1-0"]
[WhiteElo "994"]
[BlackElo "1176"]
[PlyCount "0"]
[EventDate "2023.07.25"]
[EventRounds "7"]
[EventCountry "ENG"]

1. d4 e6 2. Bf4 Nf6 3. Nf3 Be7 4. e3 O-O 5. Bd3 b6 6. Nc3 Bb7 7. a4 d6 8. O-O Nbd7
9. b4 c5 10. bxc5 bxc5 11. dxc5 Nxc5 12. a5 e5 13. Bg5 e4 14. Bxf6 Bxf6 15. a6 Bc6
16. Nd4 exd3 17. Nxc6 dxc2 18. Qxc2 Qc7 19. Nd4 Rab8 20. Nd5 Qd8 21. Nc6 Qe8 22.
Nxf6+ gxf6 23. Nxb8 Qxb8 24. Qf5 Qd8 25. Rfd1 Ne6 26. Ra4 Ng7 27. Rg4 Kh8 28. Qf4
f5 29. Rh4 Qf6 30. g3 Rg8 31. Rxd6 Ne6 32. Qh6 Qxh6 33. Rxh6 Ng5 34. Rd7 Nf3+ 35.
Kg2 Ne5 36. Rxa7 Rf8 37. Rh5 Nc6 38. Rc7 Nb4 39. a7 Kg7 40. Rxf5 Kg6 41. Rb5 Na6
42. Rc6+ Kg7 43. Rxa6 Ra8 44. Rb8 Rxb8 45. axb8=Q h6 46. Qe5+ Kh7 47. Qf5+ Kg7 48.
Qf6+ Kg8 49. Ra8+ Kh7 50. Rh8#  1-0

[Event "British Chess Championships 2023: U8 Championship"]
[Site "The Venue, De Montfort University, 20 Western Boulevard, Leicester, LE2 7BU"]
[Date "2023.07.26"]
[Round "2"]
[Board "4"]
[White "Mohamed Nasrudeen Meeran, Muiz Ul Meeran"]
[Black "Saxena, Advik"]
[Result "0-1"]
[WhiteElo "1112"]
[BlackElo "972"]
[PlyCount "66"]
[EventDate "2023.07.25"]
[EventRounds "7"]
[EventCountry "ENG"]

1. e4 c5 2. Nf3 d6 3. d4 cxd4 4. Nxd4 Nf6 5. Nc3 a6 6. Bg5 h6 7. Bh4 e6 8. Bc4 Nc6
9. Nxc6 bxc6 10. O-O Be7 11. Qe2 d5 12. exd5 Nxd5 13. Bxe7 Nxe7 14. Rad1 Qb6 15.
Qd2 O-O 16. b3 Bb7 17. Qe2 Rfe8 18. Qh5 Rad8 19. Kh1 Rxd1 20. Rxd1 Qxf2 21. Bxe6
g6 22. Bxf7+ Kxf7 23. Qxh6 Qxc2 24. Qf4+ Nf5 25. Qc4+ Kf8 26. Qb4+ Kg8 27. Qc4+ Kf8
28. Qc5+ Kg8 29. Qc4+ Kg7 30. Rd7+ Re7 31. Rxe7+ Nxe7 32. h3 c5 33. Qxc5 Qxg2#  0-1

[Event "British Chess Championships 2023: U8 Championship"]
[Site "The Venue, De Montfort University, 20 Western Boulevard, Leicester, LE2 7BU"]
[Date "2023.07.26"]
[Round "2"]
[Board "5"]
[White "Li, Emmanuelle"]
[Black "Kapitanski, Furion"]
[Result "0-1"]
[WhiteElo "854"]
[BlackElo "1107"]
[PlyCount "0"]
[EventDate "2023.07.25"]
[EventRounds "7"]
[EventCountry "ENG"]

1. e4 e5 2. Nf3 Nc6 3. Bb5 Nf6 4. O-O Bc5 5. Re1 d6 6. c3 Bg4 7. d3 O-O 8. c4 Nd4
9. Nbd2 Bb4 10. Rf1 Bxd2 11. Bxd2 Qc8 12. Bg5 Nh5 13. h3 Nxf3+ 14. gxf3 Bxh3 15.
Re1 h6 16. Be7 Nf4 17. Kh1 Bg2+ 18. Kg1 Qh3 19. Bxf8 Qh1#  0-1

[Event "British Chess Championships 2023: U8 Championship"]
[Site "The Venue, De Montfort University, 20 Western Boulevard, Leicester, LE2 7BU"]
[Date "2023.07.26"]
[Round "2"]
[Board "6"]
[White "Smirnov, Artem"]
[Black "Makarabbi, Anvay"]
[Result "1-0"]
[WhiteElo "1054"]
[BlackElo "874"]
[PlyCount "0"]
[EventDate "2023.07.25"]
[EventRounds "7"]
[EventCountry "ENG"]

1. d4 Nf6 2. c4 c5 3. Nc3 cxd4 4. Qxd4 Nc6 5. Qd1 d6 6. e4 g6 7. f3 Bg7 8. Be3 O-O
9. Qd2 Be6 10. Bd3 Ne5 11. Nge2 Rc8 12. b3 Nxd3+ 13. Qxd3 Nd7 14. Bxa7 Qa5 15. Bd4
Nc5 16. Bxc5 Qxc5 17. Rc1 f5 18. Nf4 Bd7 19. Qd5+ Qxd5 20. Nfxd5 Rfe8 21. Nb6 Rc7
22. Ncd5 Rcc8 23. Nxd7 Ra8 24. Nc7 Rad8 25. Nxe8 Rxd7 26. Nxg7 Kxg7 27. Rd1 fxe4
28. fxe4 Rd8 29. e5 Kh6 30. c5 d5 31. Ke2 e6 32. Rhf1 Kh5 33. Rf7 Kh6 34. Rxb7 Rc8
35. b4 Ra8 36. Ra1 Kg5 37. c6 h5 38. a4 h4 39. h3 Kf5 40. a5 g5 41. Kf3 Kxe5 42.
Rg7 Kf5 43. g4+ Kf6 44. Rd7 Ke5 45. c7 d4 46. Rd8 Rxd8 47. cxd8=Q d3 48. Ke3 d2 49.
Qd4#  1-0

[Event "British Chess Championships 2023: U8 Championship"]
[Site "The Venue, De Montfort University, 20 Western Boulevard, Leicester, LE2 7BU"]
[Date "2023.07.26"]
[Round "2"]
[Board "8"]
[White "Konara, Nuvee"]
[Black "Gedge, Joshua"]
[Result "1-0"]
[WhiteElo "1272"]
[BlackElo "1309"]
[PlyCount "0"]
[EventDate "2023.07.25"]
[EventRounds "7"]
[EventCountry "ENG"]

1. e4 c5 2. c4 e6 3. d3 Nc6 4. g4 Be7 5. Bg2 h6 6. Nc3 Nf6 7. Nge2 Nxg4 8. h3 Nf6
9. Be3 b6 10. Qd2 Nh7 11. Rg1 Bg5 12. e5 Bxe3 13. Qxe3 Nb4 14. O-O-O Rb8 15. a3 Nc6
16. Nb5 Qg5 17. Qxg5 Nxg5 18. h4 Nh7 19. Nd6+ Kf8 20. f4 Na5 21. Kc2 Nb7 22. Nxc8
Rxc8 23. Bxb7 Rd8 24. d4 f6 25. dxc5 bxc5 26. Bc6 Ke7 27. Rxg7+ Kf8 28. Rgxd7 Rxd7
29. Rxd7 fxe5 30. fxe5 a6 31. Ra7 h5 32. Rxa6 Kf7 33. Ra8 Nf8 34. a4 Rh7 35. a5 Kg8
36. a6 Rh6 37. a7 Rh7 38. Rxf8+ Kxf8 39. a8=Q+ Kg7 40. Bh1 Kg6 41. b4 cxb4 42. c5
b3+ 43. Kb2 Rf7 44. Qg8+ Kh6 45. c6 Re7 46. Qd8 Rf7 47. c7 Rxc7 48. Qxc7  1-0

[Event "British Chess Championships 2023: U8 Championship"]
[Site "The Venue, De Montfort University, 20 Western Boulevard, Leicester, LE2 7BU"]
[Date "2023.07.26"]
[Round "2"]
[Board "9"]
[White "Gunarathne, Miheli"]
[Black "Zheng, Lucas"]
[Result "1-0"]
[WhiteElo "982"]
[BlackElo "1085"]
[PlyCount "0"]
[EventDate "2023.07.25"]
[EventRounds "7"]
[EventCountry "ENG"]

1. e4 e5 2. Nf3 Nc6 3. Bb5 d6 4. h3 Bd7 5. c3 Nf6 6. Qe2 a6 7. Ba4 Be7 8. O-O h6
9. d4 exd4 10. Nxd4 Nxd4 11. Bxd7+ Qxd7 12. cxd4 g5 13. Rd1 g4 14. e5 dxe5 15. dxe5
Qe6 16. Nc3 gxh3 17. exf6 Qxf6 18. Nd5 Qd6 19. Bf4 Qc5 20. Rac1 O-O-O 21. Nxe7+ Qxe7
22. Qxe7 Rxd1+ 23. Rxd1 Kb8 24. Be3 b6 25. Rd8+ Rxd8 26. Qxd8+ Kb7 27. Bf4 hxg2 28.
Qxc7+ Ka8 29. Qb8#  1-0

[Event "British Chess Championships 2023: U8 Championship"]
[Site "The Venue, De Montfort University, 20 Western Boulevard, Leicester, LE2 7BU"]
[Date "2023.07.26"]
[Round "2"]
[Board "10"]
[White "Feng, Hao-Hsuan"]
[Black "Kamara, Alim"]
[Result "1-0"]
[WhiteElo "824"]
[BlackElo "1057"]
[PlyCount "0"]
[EventDate "2023.07.25"]
[EventRounds "7"]
[EventCountry "ENG"]

1. e4 e5 2. Bc4 Nf6 3. Nf3 Nc6 4. Ng5 Rg8 5. Bxf7+ Ke7 6. Bxg8 d5 7. h3 d4 8. Bc4
Nb4 9. a3 h6 10. Nf7 Qd7 11. axb4 b5 12. Nxe5 Qe8 13. Bd5 Rb8 14. Nc6+ Kd7 15. Nxb8+
Ke7 16. c4 Qh5 17. g4 Qe8 18. Bc6 Qf7 19. cxb5 Qg6 20. b6 axb6 21. b3 Qxe4+ 22. Bxe4
c5 23. Qe2 Nxe4 24. Qxe4+ Kf7 25. Ra7+ Kf6 26. Qf4+ Ke6 27. Qf5+ Kd6 28. Qxc8 Kd5
29. Qxf8 g5 30. Rd7+ Ke6 31. O-O Ke5 32. Qf5#  1-0